01584cam a22003495a 4500001001000000003000400010005001700014008004100031010001700072015001900089020002500108020002200133040004000155082002100195100004000216245011600256250001200372260008400384300004600468500006000514500002400574500002300598504004100621520031500662650003600977651001001013653002101023700002901044942000801073999001701081952013601098016031588OSt20160418144628.0110923t2013 paua frb 001 0 eng d a2011040089  aGBB2159702bnb a9781609139650 (pbk.) a1609139658 (pbk.) aStDuBDSbengcStDuBDSdUkdEG-ScBUE04a617.695bSTE2221 aStewart, Marciaq(Marcia A.)93984110aClinical aspects of dental materials :btheory, practice, and cases /cMarcia (Gladwin) Stewart, Michael Bagby. a4th ed. aPhiladelphia :bWolters Kluwer / Lippincott Williams & Wilkins Health,cc.2013. axiv, 514 p. :bill. (some col.) ;c28 cm. aThis text you will have access to the full text online. aIndex : p. 499-514. aIncludes appendix. aIncludes bibliographical references. aFocuses on materials for dental hygiene that logically presents the theoretical aspects of materials while also making the clinical application to best prepare students to handle materials. This text also incorporates case studies and skills checklists that can be used in the laboratory portion of the course. 7aDental materials.2BUEsh930155 2BUEsh bDDentcApril20161 aBagby, Michael D.939842 2ddc c21642d21614 00102ddc40708AlahramaMAINbMAINc1STd2016-04-18ePurchaseg419.00l0o617.695 STEp000032360r2025-07-15 00:00:00v523.75yBB